| 000 | 00356nam a22001577a 4500 | ||
|---|---|---|---|
| 003 | SGT | ||
| 020 | _a978-81-265-1414-4 | ||
| 082 |
_a615.4 _bP16C |
||
| 100 | _aCONNOR'S KENNETH A | ||
| 245 | _aA TEXT BOOK OF PHARMACEUTICAL ANALYSIS | ||
| 250 | _a3RD | ||
| 260 |
_aDELHI _bJOHN WILLEY _c2016 |
||
| 300 | _a664 | ||
| 650 | _aPHARMACY | ||
| 942 |
_2ddc _cBK _01 |
||
| 999 |
_c20510 _d20510 |
||